Young children and language
Saved in:
| Hovedforfatter: | |
|---|---|
| Format: | Bog |
| Sprog: | engelsk |
| Udgivet: |
Londres
Edward Arnold
1979
|
| Fag: | |
| Tags: |
Tilføj Tag
Ingen Tags, Vær først til at tagge denne postø!
|
MARC
| LEADER | 00000nam a2200000 a 4500 | ||
|---|---|---|---|
| 001 | UCQ3269 | ||
| 003 | CL-VaPUC | ||
| 008 | 980817e19790000UK |||||||||||||||||eng|d | ||
| 082 | 0 | 4 | |a 401.93 |b COO |2 21 |
| 100 | 0 | |a Cook, V. J |e author |9 417313 | |
| 245 | 1 | 0 | |a Young children and language |
| 300 | |a 88 p | ||
| 942 | |c BK | ||
| 945 | |d 19980817 00:00:00 |a crobeson | ||
| 260 | |a Londres |b Edward Arnold |c 1979 | ||
| 650 | 0 | |a Psicolingüística |9 283371 | |
| 650 | 0 | |a Desarrollo del lenguaje |9 311270 | |
| 650 | 0 | |a Procesos de aprendizaje |9 309161 | |
| 650 | 7 | |a ENSEÑANZA DE LA LENGUA MATERNA |2 CL-VaPUC |9 334470 | |
| 583 | |a last modification |c 19980817 00:00:00 |k Rodrigo Vera | ||
| 999 | |c 273865 |d 273863 | ||
| 952 | |0 0 |1 0 |4 0 |6 401_930000000000000_COO_1979 |7 0 |8 A |9 309808 |a BIBEDU |b BIBEDU |d 2019-11-20 |i 1454846 |o 401.93 COO 1979 |p 1454846 |r 2019-11-20 |w 2019-11-20 |y BK |k LIT | ||